000 00317nam a2200097Ia 4500
008 220204s9999 xx 000 0 und d
082 _a631(595)
_bARI
245 0 _aStrategical changes and optimum land use alternatives for perennial agriculture in Peninsular Malaysia
260 _aKuala Lumpur
_bRRIM
_c1978
942 _cBK
999 _c43733
_d43733